FC Bayern München Squad Champions League 2025/2026 - Statistics

General Stats
  • This quiz has been taken 79 times
  • The average score is 19 of 23
Answer Stats
Picture Answer % Correct
Manuel Neuer
100%
Jonathan Tah
94%
Dayot Upamecano
92%
Harry Kane
92%
Jamal Musiala
92%
Joshua Kimmich
92%
Konrad Laimer
92%
Leon Goretzka
92%
Luis Díaz
92%
Michael Olise
92%
Minjae Kim
92%
Serge Gnabry
92%
Alphonso Davies
90%
Nicolas Jackson
87%
Aleksandar Pavlović
85%
Raphaël Guerreiro
84%
Sven Ulreich
84%
Hiroki Ito
82%
Sacha Boey
82%
Josip Stanišić
74%
Jonas Urbig
69%
Tom Bischof
61%
Cassiano Kiala
19%
No matching quizzes found
Score Distribution
Percent of People with Each Score
Percentile by Number Answered
Your Score History
You have not taken this quiz